| 000 | 00602nam a2200205 i 4500 | ||
|---|---|---|---|
| 001 | 33300 | ||
| 003 | ES-MaACL | ||
| 005 | 20230906154732.0 | ||
| 007 | t| | ||
| 008 | 030202s1945 ag ||||1| spa d | ||
| 100 | 1 |
_aBesouchet, Lidia. _928590 |
|
| 245 | 1 | 0 |
_aCondición de mujer / _cLidia Besouchet ; versión del portugués de Raúl Navarro. |
| 260 |
_aBuenos Aires : _bSudamericana, _c[1945] ( _fJ. Hays Bell) |
||
| 300 |
_a212 p. ; _c19 cm. |
||
| 490 | 1 | _aHorizonte | |
| 700 | 1 |
_aNavarro, Raúl. _985085 |
|
| 830 | 1 |
_aHorizonte _9180916 |
|
| 852 | 4 |
_aES-MaACL _jD-5654 |
|
| 999 |
_c33300 _d33300 |
||